Súčty štvorcov v konečných poliach
Guardado en:
| Autor principal: | |
|---|---|
| Otros Autores: | |
| Formato: | Manuscrito Libro |
| Lenguaje: | eslovaco |
| Publicado: |
Bratislava :
STU v Bratislave FEI,
2023
|
| Materias: | |
| Acceso en línea: | https://opac.crzp.sk/?fn=detailBiblioFormChildKEJA8&sid=08878EB2E7E37CD0989377C0752B&seo=CRZP-detail-kniha |
| Etiquetas: |
Sin Etiquetas, Sea el primero en etiquetar este registro!
|
MARC
| LEADER | 00000ntm a22000003a 4500 | ||
|---|---|---|---|
| 001 | stuzp93514 | ||
| 003 | SK-STU | ||
| 005 | 20241114110520.0 | ||
| 007 | ta | ||
| 008 | 150427s2015----xo-----f-mn---000-0-slo-d | ||
| 040 | |a STU |b slo | ||
| 041 | 0 | |a slo | |
| 044 | |a xo | ||
| 100 | 1 | |a Tóthová, Katarína |u 035000 |4 aut |U FEI Fakulta elektrotechniky a informatiky |T FEI Ústav informatiky a matematiky |X 111471 |U E050 |Y 816 |7 111471 | |
| 242 | 0 | 1 | |a Sums of Squares in Finite Fields |y eng |
| 245 | 1 | 0 | |a Súčty štvorcov v konečných poliach |
| 260 | |a Bratislava : |b STU v Bratislave FEI, |c 2023 | ||
| 300 | |a 70 s., príl. | ||
| 650 | 4 | |a konečné polia |2 slo | |
| 650 | 4 | |a kvadratické zvyšky |2 slo | |
| 650 | 4 | |a kvadratické nezvyšky |2 slo | |
| 650 | 4 | |a Legendrov symbol |2 slo | |
| 650 | 4 | |a generátory |2 slo | |
| 650 | 4 | |a súčty štvorcov v konečných poliach |2 slo | |
| 650 | 4 | |a generators |2 eng | |
| 650 | 4 | |a non-quadratic residues |2 eng | |
| 650 | 4 | |a finite fields |2 eng | |
| 650 | 4 | |a quadratic residues |2 eng | |
| 650 | 4 | |a Legendre symbol |2 eng | |
| 650 | 4 | |a sums of squares in finite fields |2 eng | |
| 700 | 1 | |a Čipková, Karla |u 035000 |k Z1 |4 ths |U FEI Fakulta elektrotechniky a informatiky |T FEI Ústav informatiky a matematiky |X 2149 |U E050 |Y 816 |7 A000002149 | |
| 856 | 4 | |u https://opac.crzp.sk/?fn=detailBiblioFormChildKEJA8&sid=08878EB2E7E37CD0989377C0752B&seo=CRZP-detail-kniha | |